000 00705nam a2200253Ia 4500
003 OSt
005 20220925221559.0
006 a|||||r|||| 00| 0
007 ta
008 220923b |||||||| |||| 00| 0 eng d
020 _a416137709
037 _cGeneral Book
040 _aRTL
_cRTL
_beng
041 _2eng
_aeng
082 _aV1N4.N7, L1
100 _aBoyd Andrew
_999051
245 0 _aFifteen men on a powder Keg
_b A history of the UN Security Council
260 _aLondon
_bMethuen & Co. Ltd. U. K.
_c1971
300 _axi, 383p.
_ccm.
500 _aIndex:P371-83
650 _aHistory
942 _hV1N4.N7, L1
_cGB
_2CC
999 _c574722
_d574722